Countries Closest to Catalonia (Catalunya) - Statistics

General Stats
  • This quiz has been taken 130 times
  • The average score is 17 of 20
Answer Stats
Km Answer % Correct
0 Andorra
100%
0 France
99%
360 Italy
96%
538 Portugal
96%
0 Spain
96%
670 Germany
94%
640 Morocco
94%
470 Switzerland
92%
367 Monaco
91%
802 Belgium
88%
699 Gibraltar (United Kingdom)
88%
723 Austria
84%
442 Algeria
80%
755 Vatican City
79%
809 Luxembourg
77%
759 San Marino
77%
720 Tunisia
76%
716 Liechtenstein
71%
895 Slovenia
67%
883 Croatia
59%
No matching quizzes found
Score Distribution
Percent of People with Each Score
Percentile by Number Answered
Your Score History
You have not taken this quiz